000 00430nam a2200181Ia 4500
001 9955
005 20260306161756.0
008 260306t2008||||xx |||||||||||||| ||spa||
041 _aESP
082 _aPE 869.56
_bB179B
100 _aBryce Echenique, Alfredo
_eAUT
245 0 _aLa amigdalitis de Tarzán
260 _c2008
300 _a222 páginas :
_c19 cm.
650 _aGEN
654 _aCHU
942 _cLIB
_dJUS
_fJUS
_2ddc
_n
999 _c9955
_d9955